[Event "Valencia Provincial-ch"]
[Site "Valencia"]
[Date "2014.10.18"]
[Round "3"]
[White "Redondo Flores, David"]
[Black "Buenafe Moya, Javier"]
[Result "0-1"]
[WhiteElo "1999"]
[BlackElo "2256"]
[PlyCount "82"]
[EventDate "2014.09.27"]
[EventType "swiss"]
[EventRounds "7"]
[EventCountry "ESP"]
[SourceTitle "EXT 2016"]
[Source "ChessBase"]
[SourceDate "2015.10.08"]
[SourceVersion "1"]
[SourceVersionDate "2015.10.08"]
[SourceQuality "1"]

1. e4 e5 2. Nf3 Nc6 3. Bc4 Bc5 4. c3 Nf6 5. d3 d6 6. Bb3 0-0 7. Bg5 h6 8. Bh4 Be6 9. Nbd2 Kh7 10. h3 Bxb3 11. Qxb3 Bb6 12. Nc4 g5 13. Nxb6 axb6 14. Bg3 Ne7 15. 0-0 Ng6 16. Rfe1 Qd7 17. d4 Rae8 18. dxe5 dxe5 19. Rad1 Qc8 20. Qc4 Re7 21. Rd2 Rg8 22. Qb5 Qe6 23. Qb3 Qc6 24. Qb4 Qe6 25. Qb3 Qc8 26. Qb5 g4 27. hxg4 Qxg4 28. Nh2 Qh5 29. Qe2 Qg5 30. Nf3 Qg4 31. Nh2 Qe6 32. b3 h5 33. Nf3 Qg4 34. Qf1 h4 35. Bh2 Kh8 36. Re3 Nxe4 37. Rde2 Nf4 38. Bxf4 exf4 39. Nh2 Qf5 40. Qe1 fxe3 41. Rxe3 Re6 0-1

[Event "Mislata op-A 48th"]
[Site "Mislata"]
[Date "2014.08.14"]
[Round "6"]
[White "Gomez Sanjuan, Hector Fernando"]
[Black "Redondo Flores, David"]
[Result "0-1"]
[WhiteElo "1812"]
[BlackElo "1983"]
[PlyCount "64"]
[EventDate "2014.08.11"]
[EventType "swiss"]
[EventRounds "9"]
[EventCountry "ESP"]
[SourceTitle "CBM 161 Extra"]
[Source "ChessBase"]
[SourceDate "2014.08.29"]
[SourceVersion "1"]
[SourceVersionDate "2014.08.29"]
[SourceQuality "1"]

1. d4 g6 2. c4 Bg7 3. e4 d6 4. Nc3 e5 5. d5 f5 6. exf5 gxf5 7. Be2 Ne7 8. Bg5 0-0 9. Qd2 Nd7 10. Bh6 Nf6 11. Bxg7 Kxg7 12. Nf3 Bd7 13. h3 Kh8 14. Rg1 Rg8 15. Nh2 Ng6 16. g3 Nf4 17. g4 Nxe2 18. Qxe2 Be8 19. f3 Nh5 20. Qf2 Qf6 21. 0-0-0 Bd7 22. Rdf1 Raf8 23. Qe1 a6 24. Ne2 Qh6+ 25. Kb1 Qe3 26. Qd1 b5 27. cxb5 Bxb5 28. Re1 Qd3+ 29. Qxd3 Bxd3+ 30. Kc1 Bxe2 31. Rxe2 Ng3 32. Reg2 Ne2+ 0-1

[Event "Mislata op-A 48th"]
[Site "Mislata"]
[Date "2014.08.13"]
[Round "4"]
[White "Laliena Solanes, Luis M"]
[Black "Redondo Flores, David"]
[Result "1-0"]
[WhiteElo "2139"]
[BlackElo "1983"]
[PlyCount "87"]
[EventDate "2014.08.11"]
[EventType "swiss"]
[EventRounds "9"]
[EventCountry "ESP"]
[SourceTitle "CBM 161 Extra"]
[Source "ChessBase"]
[SourceDate "2014.08.29"]
[SourceVersion "1"]
[SourceVersionDate "2014.08.29"]
[SourceQuality "1"]

1. e4 c5 2. Nf3 d6 3. Bb5+ Bd7 4. Bxd7+ Qxd7 5. 0-0 Nf6 6. Qe2 e5 7. c3 Nc6 8. Rd1 Be7 9. d4 Qc7 10. dxe5 dxe5 11. Bg5 0-0 12. Bxf6 Bxf6 13. Na3 Rad8 14. Nc4 Rxd1+ 15. Rxd1 Rd8 16. Rd5 b5 17. Ne3 Qb6 18. Rxd8+ Bxd8 19. Qd3 g6 20. Qd5 Kg7 21. Nxe5 Nxe5 22. Qxe5+ Bf6 23. Qd5 b4 24. e5 Bg5 25. Nc4 bxc3 26. Nxb6 c2 27. Qxc5 c1Q+ 28. Qxc1 Bxc1 29. Nc4 Kf8 30. Kf1 Ke7 31. Ke2 h5 32. Kd3 Ke6 33. Ke4 Bg5 34. b4 Be7 35. b5 Bc5 36. f4 f5+ 37. exf6 Kxf6 38. a4 g5 39. fxg5+ Kxg5 40. h3 Kf6 41. Kd5 Bf2 42. a5 Kf5 43. a6 Bg3 44. Nd6+ 1-0

[Event "Valencia-ch"]
[Site "Valencia"]
[Date "2012.04.21"]
[Round "6"]
[White "Montoliu Cervero, Francisco"]
[Black "Redondo Flores, David"]
[Result "1-0"]
[WhiteElo "2209"]
[BlackElo "1950"]
[PlyCount "49"]
[EventDate "2012.04.14"]
[EventType "swiss"]
[EventRounds "7"]
[EventCountry "ESP"]
[SourceTitle "CBM 148 Extra"]
[Source "ChessBase"]
[SourceDate "2012.06.22"]
[SourceVersion "1"]
[SourceVersionDate "2012.06.22"]
[SourceQuality "1"]

1. e4 c5 2. Nf3 d6 3. d4 cxd4 4. Nxd4 Nf6 5. Nc3 a6 6. Be3 Ng4 7. Bc1 Nf6 8. Be3 Ng4 9. Bc1 Nf6 10. f3 e6 11. Be3 b5 12. Qd2 Nbd7 13. g4 h6 14. 0-0-0 Bb7 15. Bd3 b4 16. Nce2 d5 17. Ng3 dxe4 18. Nxe4 Nd5 19. Rhe1 Nxe3 20. Qxe3 Be7 21. Nxe6 fxe6 22. Nd6+ Kf8 23. Qxe6 Bg5+ 24. Kb1 Qe7 25. Qf5+ 1-0

[Event "Manises Provincial-ch"]
[Site "Manises"]
[Date "2011.11.26"]
[Round "7"]
[White "Gimenez Saiz, Jose Raul"]
[Black "Redondo Flores, David"]
[Result "1/2-1/2"]
[WhiteElo "1976"]
[BlackElo "1956"]
[PlyCount "96"]
[EventDate "2011.10.01"]
[EventType "swiss"]
[EventRounds "7"]
[EventCountry "ESP"]
[SourceTitle "EXT 2013"]
[Source "ChessBase"]
[SourceDate "2012.11.22"]
[SourceVersion "1"]
[SourceVersionDate "2012.11.22"]
[SourceQuality "1"]

1. e4 c5 2. Nf3 d6 3. d4 cxd4 4. Nxd4 Nf6 5. Nc3 a6 6. Be3 e6 7. g4 e5 8. Nf5 g6 9. g5 gxf5 10. exf5 Bxf5 11. gxf6 Be6 12. Bg2 Nc6 13. Qf3 h5 14. Bh3 Qd7 15. Bxe6 Qxe6 16. Nd5 e4 17. Nc7+ Kd7 18. Nxe6 exf3 19. Ng5 Ne5 20. h4 Bh6 21. 0-0-0 Bxg5 22. hxg5 Ke6 23. Rh3 Rh7 24. Bf4 h4 25. Bxe5 dxe5 26. Rxf3 h3 27. Rh1 h2 28. Kd2 Rah8 29. Rb3 Rg8 30. Rg3 Kf5 31. Rf3+ Ke4 32. Rg3 Kf4 33. g6 Rxg6 34. Rxg6 fxg6 35. f7 Rxf7 36. Rxh2 g5 37. Ke2 e4 38. Rh6 g4 39. Rg6 a5 40. c4 Rh7 41. Rf6+ Ke5 42. Rg6 Kf5 43. Rg8 b6 44. b3 Rh6 45. Rf8+ Ke5 46. Rg8 Kf4 47. Rf8+ Ke5 48. Rg8 Kf4 1/2-1/2

[Event "Manises Provincial-ch"]
[Site "Manises"]
[Date "2011.11.19"]
[Round "6"]
[White "Redondo Flores, David"]
[Black "Navarro Mora, Jesualdo"]
[Result "0-1"]
[WhiteElo "1956"]
[BlackElo "2009"]
[PlyCount "50"]
[EventDate "2011.10.01"]
[EventType "swiss"]
[EventRounds "7"]
[EventCountry "ESP"]
[SourceTitle "EXT 2013"]
[Source "ChessBase"]
[SourceDate "2012.11.22"]
[SourceVersion "1"]
[SourceVersionDate "2012.11.22"]
[SourceQuality "1"]

1. e4 d6 2. d4 Nf6 3. Nc3 g6 4. Nf3 Bg7 5. Bc4 c6 6. Qe2 b5 7. Bb3 b4 8. e5 dxe5 9. dxe5 bxc3 10. exf6 Bxf6 11. Bg5 Bxg5 12. Nxg5 Qa5 13. Bxf7+ Kf8 14. b4 Qxg5 15. Qf3 Qf6 16. Bc4 Qxf3 17. gxf3 Nd7 18. 0-0-0 Ne5 19. Be2 Bf5 20. Rd4 a5 21. f4 Nf7 22. bxa5 Rxa5 23. Bc4 Nd6 24. Bb3 c5 25. Rd5 Be4 0-1

[Event "Manises Provincial-ch"]
[Site "Manises"]
[Date "2011.11.12"]
[Round "5"]
[White "Marco Francisco, Miriam"]
[Black "Redondo Flores, David"]
[Result "0-1"]
[WhiteElo "1882"]
[BlackElo "1956"]
[PlyCount "172"]
[EventDate "2011.10.01"]
[EventType "swiss"]
[EventRounds "7"]
[EventCountry "ESP"]
[SourceTitle "EXT 2013"]
[Source "ChessBase"]
[SourceDate "2012.11.22"]
[SourceVersion "1"]
[SourceVersionDate "2012.11.22"]
[SourceQuality "1"]

1. e4 c5 2. Nf3 d6 3. d4 cxd4 4. Nxd4 Nf6 5. Nc3 a6 6. Be3 e6 7. g4 e5 8. Nf5 g6 9. g5 gxf5 10. gxf6 f4 11. Bc1 Be6 12. Rg1 Nd7 13. b3 Nxf6 14. Bb2 h5 15. Qd3 Qb6 16. Na4 Qb4+ 17. Nc3 Qb6 18. Na4 Qa7 19. h3 Nd7 20. Qd2 Nc5 21. Nc3 0-0-0 22. 0-0-0 Bh6 23. f3 Nxb3+ 24. axb3 Qxg1 25. Nd5 Bxd5 26. Qxd5 Qc5 27. Qxf7 Qe3+ 28. Kb1 Qxf3 29. Qd5 Qe3 30. Bxa6 Qb6 31. Be2 Bg5 32. Bc3 Qc5 33. Qe6+ Kb8 34. Bb2 Rhf8 35. Qg6 Be7 36. Qe6 Qc7 37. Bxh5 Rc8 38. c4 f3 39. Rf1 f2 40. Bf7 Bg5 41. Rxf2 Bf4 42. Bg6 Qc5 43. Rg2 Rh8 44. Bf5 Rce8 45. Qf6 Ref8 46. Qe7 Rfg8 47. Rg7 Rxg7 48. Qxg7 Rh6 49. Qf8+ Ka7 50. Qe8 Qb4 51. Ka2 Qa5+ 52. Kb1 Qb4 53. Kc2 Qb6 54. Qa4+ Qa6 55. Qe8 Rh4 56. Bg4 Rh7 57. Qd8 Qb6 58. Qf6 Qc6 59. Bf5 Rh6 60. Qd8 Qc5 61. Kb1 Be3 62. Ka2 Bd2 63. Bc8 Rg6 64. Bg4 Rg7 65. Ba3 Bb4 66. Bb2 Rc7 67. Qe8 Rc6 68. Bd7 Ra6+ 69. Ba4 Qf2 70. Kb1 Qf1+ 71. Ka2 Qxh3 72. Qb5 Rb6 73. Qd5 Qg2 74. Kb1 Qf1+ 75. Ka2 Qe2 76. Kb1 Bc5 77. Bxe5 dxe5 78. Qxc5 Qxe4+ 79. Ka2 Qd4 80. Qa5+ Ra6 81. Qb4 e4 82. Kb1 e3 83. Kc2 e2 84. Qe1 Re6 85. Qa5+ Kb8 86. Qe1 Qe4+ 0-1

[Event "Manises Provincial-ch"]
[Site "Manises"]
[Date "2011.10.15"]
[Round "2"]
[White "Martinez Ahrens, Francisco"]
[Black "Redondo Flores, David"]
[Result "1-0"]
[WhiteElo "2105"]
[BlackElo "1956"]
[PlyCount "55"]
[EventDate "2011.10.01"]
[EventType "swiss"]
[EventRounds "7"]
[EventCountry "ESP"]
[SourceTitle "EXT 2013"]
[Source "ChessBase"]
[SourceDate "2012.11.22"]
[SourceVersion "1"]
[SourceVersionDate "2012.11.22"]
[SourceQuality "1"]

1. e4 c5 2. Nf3 d6 3. c3 Nf6 4. Be2 Nc6 5. d4 cxd4 6. cxd4 Nxe4 7. d5 Qa5+ 8. Nc3 Nxc3 9. bxc3 Ne5 10. Nxe5 Qxc3+ 11. Bd2 Qxe5 12. Be3 Qc3+ 13. Bd2 Qd4 14. Rb1 a6 15. 0-0 g6 16. Rb4 Qxd5 17. Bf3 Qxa2 18. Bc3 f6 19. Bd5 Qa3 20. Qd2 Bh6 21. f4 a5 22. Rb5 Qa4 23. Qe2 Rf8 24. g3 Bg4 25. Qb2 Be2 26. Qxe2 Qa3 27. Bb2 Qa4 28. Ra1 1-0